Intermediate accounting : (Record no. 61152)
[ view plain ]
| 000 -LEADER | |
|---|---|
| fixed length control field | 00856nam a2200265 a 4500 |
| 001 - CONTROL NUMBER | |
| control field | 61152 |
| 003 - CONTROL NUMBER IDENTIFIER | |
| rucl marc code | BD-RjUL |
| 005 - DATE AND TIME OF LATEST TRANSACTION | |
| control field | 20211209080928.0 |
| 008 - FIXED-LENGTH DATA ELEMENTS--GENERAL INFORMATION | |
| fixed length control field | 170115c1980 iluar1 0 a0eng d |
| 020 ## - INTERNATIONAL STANDARD BOOK NUMBER | |
| International Standard Book Number | 003040651X |
| 035 ## - SYSTEM CONTROL NUMBER | |
| System control number | (BD-RjUL)61276 |
| 040 ## - CATALOGING SOURCE | |
| Original cataloging agency | BD-RjUL |
| Transcribing agency | BD-RjUL |
| Modifying agency | BD-RjUL |
| Language of cataloging | eng |
| 041 ## - LANGUAGE CODE | |
| Language code of text/sound track or separate title | eng |
| 082 ## - DEWEY DECIMAL CLASSIFICATION NUMBER | |
| Edition number | 23 |
| Classification number | 657 |
| Author mark and year | DAI 1980 |
| 100 1# - MAIN ENTRY--PERSONAL NAME | |
| Personal name | Davidson, Sidney, |
| Dates associated with a name | 1919-2007. |
| 9 (RLIN) | 182463 |
| 245 10 - TITLE STATEMENT | |
| Title | Intermediate accounting : |
| Remainder of title | concepts, methods, and uses / |
| Statement of responsibility, etc. | Sidney Davidson, Clyde P. Stikney and Roman L. Weil |
| 260 ## - PUBLICATION, DISTRIBUTION, ETC. (IMPRINT) | |
| Place of publication, distribution, etc. | Hinsdale, Ill. : |
| Name of publisher, distributor, etc. | Dryden Press. |
| Date of publication, distribution, etc. | c1980 |
| 300 ## - PHYSICAL DESCRIPTION | |
| Pagination | various pages ; |
| Size | 25 cm. |
| 500 ## - GENERAL NOTE | |
| General note | Includes index |
| 650 #0 - SUBJECT ADDED ENTRY--TOPICAL TERM | |
| Topical term or geographic name as entry element | Accounting. |
| 9 (RLIN) | 175106 |
| Topical term or geographic name as entry element | Accounting |
| Form subdivision | Problems, exercises, etc. |
| 9 (RLIN) | 182464 |
| 700 1# - ADDED ENTRY--PERSONAL NAME | |
| Personal name | Stickney, Clyde P., |
| Dates associated with a name | 1944- |
| Personal name | Weil, Roman L. |
| 942 ## - ADDED ENTRY ELEMENTS (KOHA) | |
| Source of classification or shelving scheme | Dewey Decimal Classification |
| Koha item type | Books |
| Lost status | Source of classification or shelving scheme | Damaged status | Not for loan | Collection code | Permanent Location | Current Location | Shelving location | Date acquired | Source of acquisition | Total Checkouts | Full call number | Date last seen | Copy number | Koha item type |
|---|---|---|---|---|---|---|---|---|---|---|---|---|---|---|
| Dewey Decimal Classification | Not For Loan | Non-fiction | Central Library, University of Rajshahi | Central Library, University of Rajshahi | Reading Room | 09/11/1985 | Asia foundation | 657 DAI 1980 | 15/01/2017 | C-1 | Books |